00735 2200241 4500001002100000005001500021035002000036007000300056008004100059020002200100082000800122084001400130100002300144245011600167250001000283260003600293300003200329500005300361650003200414700002500446990001100471990001100482INLIS00000000000432220201130091319 a0010-1019000174ta201130 g 0 ind  a978-602-1279-34-2 a535 a535 SUM e0 aSUMARNI, Hamid Aly1 aEmisi Transportasi :bKuantitas Emisi Berdasarkan Marni Model /cSumarni Hamid Aly; editor, Rahmansyah Dermawan acet.1 aJakarta :bPenebar Plus+,c2015 a139 hlm. :bilus. ;c21 cm. aBibliografi: hlm. 120-124; Lampiran: hlm.125-139 4aEMISI. PENCEMARAN KENDARAAN0 aRAHMANSYAH, Dermawan a7029 a a7029 b